00353nam a2200133Ia 4500008004100000041000800041082001600049100001600065245003100081260003500112300002600147365001600173700003000189230718s9999 xx 000 0 und d aeng a621.43bMAT aMathur M.L. aInternal Combustion Engine c2008bDhanpat Rai Publications a1010dRef 7 M (28750) cRs.b265.00 aMathur M.L. & Sharma R.P.